|
|
|
|
| LEADER |
00000nab a2200000 a 4500 |
| 001 |
vtls008414771 |
| 003 |
SK-MaSNL |
| 005 |
20260303070235.0 |
| 008 |
040806c2005 xo 0 slo |
| 015 |
|
|
|a SNBCL2005/5
|
| 035 |
|
|
|a SLK032644
|
| 040 |
|
|
|a SLKCL
|b slo
|c SNKBUCL
|e AACR2
|
| 041 |
1 |
|
|a slo
|
| 044 |
|
|
|a xo
|c SK
|
| 080 |
|
|
|a 616.24-008.47-053.8:615.2
|2 1981
|
| 245 |
0 |
0 |
|a Farmakologická liečba zameraná na zníženie počtu exacerbácií astmy u dospelých pacientov
|b systematický prehľad a metaanalýza
|c Don D. Sin ... [et al.]
|
| 246 |
1 |
0 |
|a Pharmacological management to reduce exacerbations in adults with asthma
|
| 246 |
1 |
1 |
|a Pharmacological management to reduce exacerbations in adults with asthma
|
| 300 |
|
|
|b Obr., tab.
|
| 500 |
|
|
|a JAMA, 2004; 292: 367-376
|
| 504 |
|
|
|a Bibliogr. odkazy
|
| 650 |
0 |
7 |
|a astma
|x diagnostika
|2 MESH
|9 858409
|
| 650 |
0 |
7 |
|a farmakoterapia
|x metódy
|2 MESH
|9 1055568
|
| 650 |
0 |
7 |
|a sympatikomimetiká
|x aplikácia a dávkovanie
|2 MESH
|9 1067394
|
| 650 |
0 |
7 |
|a receptory leukotriénové
|x aplikácia a dávkovanie
|2 MESH
|9 1067395
|
| 650 |
0 |
7 |
|a hormóny kôry nadobličiek
|x aplikácia a dávkovanie
|2 MESH
|9 875051
|
| 650 |
0 |
7 |
|a meta-analýza
|2 MESH
|9 1067396
|
| 650 |
0 |
7 |
|a prehľad (publikačný typ)
|2 MESH
|9 1067397
|
| 700 |
1 |
|
|a Sin, Don D.
|4 aut
|u James Hogg ICAPTURE Center for Cardiovascular and Pulmonary Research, Vancouver, Canada
|9 1067398
|
| 700 |
1 |
|
|a Man, Jonathan
|4 aut
|u Department of Medicine Pulmonary Division, Vancouver, Canada
|9 1067399
|
| 700 |
1 |
|
|a Gan, Wen Qui
|4 aut
|u James Hogg ICAPTURE Center for Cardiovascular and Pulmonary Research, Vancouver, Canada
|9 1067400
|
| 700 |
1 |
|
|a Sharpe, Heather
|4 aut
|u Department of Medicine Pulmonary Division, Edmonton
|9 1067401
|
| 700 |
1 |
|
|a Man, S. F. Paul
|4 aut
|u James Hogg ICAPTURE Center for Cardiovascular and Pulmonary Research, Vancouver, Canada
|9 1067402
|
| 700 |
1 |
|
|a Trenkler, Štefan,
|d 1949-
|4 trl
|9 73171
|
| 773 |
0 |
|
|w SERIAL_GENERAL*000115*2005*005*003
|x 1210-4132
|t JAMA
|g Roč. 13, č. 3 (2005), s. 187-196
|
| 850 |
|
|
|a Slovenská lekárska knižnica v Bratislave
|a BA006
|
| 852 |
|
|
|a BA006
|b KIS3GCP
|b 000500000
|
| 999 |
|
|
|c 1754514
|d 1756444
|